000 01079nas a2200301 4500
001 BR8304039
003 BR-BrBNA
005 20231205085635.0
007 ta
008 230509b bl.|||p| |||| 00| 00por d
040 _aBR-BrBNA
_bpor
_cBiblioteca Nacional de Agricultura
041 _a(Pt)
072 _aM10
100 1 _aSilva, J.W.B. e
100 1 _aCarrillo, D.A.G.
100 1 _aNobre, M.I. da S.
100 1 _aLima, I.M.
100 1 _aChacon, J. de O.
245 1 _aResultados de um ensaio sobre a criacao de machos albinos da tilapia do Nilo, Sarotherodon niloticus (Linnaeus), em viveiro do Centro de Pesquisas Ictiologicas do DNOCS (Pentecoste, Ceara, Brasil)[Departamento Nacional de Obras Contra as Secas]
650 _aTILAPIA NILOTICA
650 _aCRIACAO
650 _aVIVEIRO
650 _aPENTECOSTE
650 _aCEARA
773 0 _tBoletim Tecnico - Departamento Nacional de Obras Contra as Secas (Brazil)
_xISSN 0374-6658
_g(Jan-Jun 1983), v. 41(1) p. 55-83
_wBR8304039
909 _a202311
_bLúcia
_c55
_dLúcia Elande
942 _2AGRIS
_n0
_cANA
999 _c112725
_d112725